Daň z motorových vozidiel
Informácia o Zákone o dani z motorových vozidiel č. 361/2015 Z.z.
Uložené v:
| Hlavný autor: | |
|---|---|
| Médium: | Kapitola |
| Jazyk: | Slovak |
| Predmet: | |
| Tagy: |
Žiadne tagy, Buďte prvý, kto otaguje tento záznam!
|
MARC
| LEADER | 00000naa a2200000 4500 | ||
|---|---|---|---|
| 001 | 0211029 | ||
| 005 | 20231120131007.5 | ||
| 041 | 0 | |a slo | |
| 044 | |a SK | ||
| 245 | 1 | 0 | |a Daň z motorových vozidiel |c Sandra Mrukviová Tomiová |
| 520 | |a Informácia o Zákone o dani z motorových vozidiel č. 361/2015 Z.z. | ||
| 610 | 2 | 0 | |a dane z vozidiel motorových |
| 610 | 2 | 0 | |a Slovensko |
| 610 | 2 | 0 | |a zákony |
| 100 | 1 | |a Mrukviová Tomiová, Sandra | |